Chansons avec le verbe aimer - Statistiques

Statistiques générales
  • Ce quiz a été pris 13 885 fois
  • Le résultat moyen est 10 sur 20
Statistiques - réponses
Année Chanson Interprète % Correct
1995 Pour que tu m'aimes encore Céline Dion
86%
2021 Bruxelles je t'aime Angèle
82%
1969 Que je t'aime Johnny Hallyday
79%
1984 On va s'aimer Gilbert Montagné
78%
1994 Je t'aimais, je t'aime, je t'aimerai Francis Cabrel
71%
1997 Savoir aimer Florent Pagny
66%
2015 Est-ce que tu m'aimes ? Gims
57%
1976 Je vais t'aimer Michel Sardou
52%
2007 J'aime trop ton boule Fatal Bazooka
51%
2017 Moi aimer toi Vianney
49%
1969 Je t'aime... moi non plus Serge Gainsbourg
41%
1967 J'aime les filles Jacques Dutronc
40%
2011 J'aime les moches Max Boublil
39%
1999 Y'a trop de gens qui t'aiment Hélène Ségara
37%
1986 Aimer est plus fort que d'être aimé Daniel Balavoine
35%
2005 Aimer jusqu'à l'impossible Tina Arena
32%
2000 L'important c'est d'aimer Pascal Obispo
31%
2021 Et même après je t'aimerai Hoshi
25%
1971 Aimer à perdre la raison Jean Ferrat
24%
1997 Tellement je t'aime (Tellement N'Brick) Faudel
21%
Aucun quiz correspondant
Distribution des résultats
% des personnes avec chaque résultat
Percentile par nombre de réponses
Votre historique - résultats
Vous n’avez pas pris ce quiz